Загрузка...

Theranjedutha kathakal /

Библиографические подробности
Главный автор: Rafi, Ponjikkara
Формат: Printed Book
Язык:Malayalam
Опубликовано: S.P.C.S. , 1967.
Предметы:
LEADER 00395nam a2200133Ia 4500
008 150624b xxu||||| |||| 00| j mal d
999 |c 70335  |d 70335 
100 |a Rafi, Ponjikkara 
245 |c Ponjikkara Rafi  |a Theranjedutha kathakal / 
260 |b S.P.C.S. ,  |c 1967. 
546 |a In Malayalam. 
650 |v Short stories 
942 |c BK 
952 |0 1  |1 0  |4 0  |7 0  |9 70312  |a UL  |b UL  |c ST1  |d 1998-08-28  |l 0  |p 194  |r 2012-10-27  |y BK